| 000 | 00678nam a2200217Ii 4500 | ||
|---|---|---|---|
| 003 | JO-AjNU | ||
| 008 | 230605s9999||||xx |||||||||||||| ||und|| | ||
| 017 | _a2002/2/459 | ||
| 040 |
_aJO-AjNU _bara _erda _cJO-AjNU |
||
| 041 | _aara | ||
| 050 | 1 | 4 | _aDS154.16.J65.A2994 2002 |
| 100 | 3 |
_aأبو نوار، معن, _eauthor _943827 |
|
| 245 | 0 | 0 | _aمعركة الكرامة |
| 250 | _aط5 | ||
| 264 | 3 | 1 | _aعمان: مديرية التوجية المعنوي، 2002 |
| 300 | _a283ص | ||
| 336 |
_atext _btxt _2rdacontent |
||
| 337 |
_aunmediated _bn _2rdamedia |
||
| 338 |
_avolume _bnc _2rdacarrier |
||
| 650 | 4 |
_aالاردن-تاريخ-معركة الكرامة 1986 _943828 |
|
| 999 |
_aA18870 _c22438 _d22438 |
||